Forecast for 2005 (Record no. 118419)

MARC details
000 -LEADER
fixed length control field 01066cam a2200205 4500
001 - CONTROL NUMBER
control field WB@3612-517
008 - FIXED-LENGTH DATA ELEMENTS--GENERAL INFORMATION
fixed length control field 041209n2004 000 0 eng u
035 ## - SYSTEM CONTROL NUMBER
System control number (Sirsi) u128253
245 ## - TITLE STATEMENT
Title Forecast for 2005
260 ## - PUBLICATION, DISTRIBUTION, ETC.
Date of publication, distribution, etc. 2004
490 ## - SERIES STATEMENT
Series statement HBOS Press Release
Volume/sequential designation 3 December 2004 (7)
520 ## - SUMMARY, ETC.
Summary, etc. The "HBOS economic forecast for 2005" focuses on the prospects for the UK housing and savings markets in 2005. House prices in the UK are predicted to fall by 2% in 2005. This slight fall follows nine years of rising house prices. Beyond 2005 the prediction is that the market may record modest price increases. The housing market fundamentals are sound and a crash is not expected. It is also predicted that the base rate will fall to 4.25% by the end of 2005. This would improve affordability, especially for new borrowers. http://www.hbosplc.com/economy/nationalpressreleas e.asp
590 ## - LOCAL NOTE (RLIN)
Local note WB
590 ## - LOCAL NOTE (RLIN)
Local note WB
650 ## - SUBJECT ADDED ENTRY--TOPICAL TERM
Topical term or geographic name entry element HOUSE PRICES
650 ## - SUBJECT ADDED ENTRY--TOPICAL TERM
Topical term or geographic name entry element ECONOMIC FORECASTS
650 ## - SUBJECT ADDED ENTRY--TOPICAL TERM
Topical term or geographic name entry element HOUSE PRICE INFLATION
690 ## - LOCAL SUBJECT ADDED ENTRY--TOPICAL TERM (OCLC, RLIN)
Topical term or geographic name as entry element HOUSING-MARKET
942 ## - ADDED ENTRY ELEMENTS (KOHA)
Suppress in OPAC 0
Holdings
Withdrawn status Lost status Source of classification or shelving scheme Damaged status Not for loan Home library Current library Shelving location Date acquired Total Checkouts Full call number Barcode Date last seen Copy number Price effective from Koha item type
    Dewey Decimal Classification     London London News article 09/12/2004   WB4047-08 128253-1001 06/08/2019 1 06/08/2019 News article